000 00512nam a2200169Ia 4500
008 090201s9999 xx 000 0 und d
010 _aKPL-74454
040 _bमराठी
041 _aमराठी
082 _a54952
_b74454
100 _a अमृतराय
245 _aकवितासंग्रह
_c अमृतराय
260 _c1892
_bतुकाराम जावजी
300 _a145
_bमध्यम
600 _aकवितासंग्रह
942 _cBOOK
999 _c251275
_d251275